LIBRARY & INFORMATION CENTRE, KCAET, TAVANUR

ONLINE PUBLIC ACCESS CATALOGUE (OPAC)

Elementary text book of algebra / (Record no. 9164)

MARC details
000 -LEADER
fixed length control field 00418cam a2200169ua 4500
041 ## - LANGUAGE CODE
Language code of text/sound track or separate title eng
082 ## - DEWEY DECIMAL CLASSIFICATION NUMBER
Classification number 512
Item number THO/EL
100 ## - MAIN ENTRY--AUTHOR NAME
Personal name Thomas, Moothedan .
245 ## - TITLE STATEMENT
Title Elementary text book of algebra /
260 ## - PUBLICATION, DISTRIBUTION, ETC. (IMPRINT)
Place of publication Muvattupuzha :
Name of publisher C.T.Devassy ,
Year of publication 1961.
300 ## - PHYSICAL DESCRIPTION
Number of Pages 180 ; .
942 ## - ADDED ENTRY ELEMENTS (KOHA)
Koha item type Books
Holdings
Withdrawn status Lost status Damaged status Home library Current library Date acquired Full call number Accession Number Koha item type
Withdrawn     KAUAET KAUAET 07/04/2012 512 2512 Books
free website counter